Nitya Yoga : (Record no. 64167)

MARC details
000 -LEADER
fixed length control field 00519nam a22001697a 4500
005 - DATE AND TIME OF LATEST TRANSACTION
control field 20191004135928.0
010 ## - LCCN (DPL NO)
LC control number B-164252
020 ## - INTERNATIONAL STANDARD BOOK NUMBER
International Standard Book Number 8173052733
Terms of availability 350.00
035 ## - SYSTEM CONTROL NUMBER
System control number B-164251, B-164257
035 ## - SYSTEM CONTROL NUMBER
System control number B-164252
037 ## - SOURCE OF ACQUISITION
Stock number DPL
Source of stock number/acquisition ENG
100 ## - MAIN ENTRY--PERSONAL NAME
Personal name Vanamali
245 ## - TITLE STATEMENT
Title Nitya Yoga :
Remainder of title The yoga of constant communion; essay on the Srimad Bhagavad Gita//
Statement of responsibility, etc by Vanamali
260 ## - PUBLICATION, DISTRIBUTION, ETC. (IMPRINT)
Place of publication, distribution, etc New Delhi
Name of publisher, distributor, etc Aryan Books International
Date of publication, distribution, etc 2004
300 ## - PHYSICAL DESCRIPTION
Extent xiii, 340p.
Dimensions 18 cms.
942 ## - ADDED ENTRY ELEMENTS (KOHA)
Source of classification or shelving scheme Dewey Decimal Classification
Item type English Books
Classification part 181.45
Call number suffix VAN
Holdings
Withdrawn status Lost status Not for loan Collection code Home library Current library Date acquired Cost, normal purchase price Full call number Barcode Cost, replacement price Koha item type Source of acquisition Copy number
      Non-fiction R.K.Puram-8 R.K.Puram-8 04/10/2019 350.00 181.45 VAN B-164252 350.00 English Books BPPD/Purchase 1
      Non-fiction Sarojini Nagar Sarojini Nagar 20/03/2012 350.00 181.45 VAN B-164251 350.00 English Books    
      Non-fiction Shahdara Branch Shahdara Branch 13/08/2018 350.00 181.45 VAN B-164257 350.00 English Books BPPD/PUB  

© Delhi Public Library
Hit Counter
free hit counter